| 000 | 00903cab a2200289 4500 | ||
|---|---|---|---|
| 001 | ABS59721 | ||
| 008 | 090401t1998 xxu||||| |||| 00| 0 eng d | ||
| 035 | _a(Sirsi) u89734 | ||
| 041 | _aeng | ||
| 100 | _aLewis, S. | ||
| 245 | _aDeath of an excuse | ||
| 260 | _c1998 | ||
| 350 | _a0 | ||
| 490 |
_aBuilding _v263(8064) 13 November 1998, 68(1) |
||
| 520 | _aConsiders employers` health and safety responsibilities, in light of the decision in "HSE v Port Ramsgate Ltd and others". | ||
| 650 | _aCONTRACTORS | ||
| 650 | _aDESIGN AND BUILD CONTRACTS | ||
| 650 | _aDUTY OF CARE | ||
| 650 | _aEMPLOYERS | ||
| 650 | _aHEALTH AND SAFETY AT WORK ETC ACT 1974 S3 | ||
| 650 | _aHSE V PORT RAMSGATE LTD AND OTHERS | ||
| 650 | _aR V ASSOCIATED OCTEL CO LTD | ||
| 650 | _aSTATUTORY DUTY | ||
| 690 | _aMANAGEMENT-BUSINESS MANAGEMENT-PROFESSIONAL PRACTICE | ||
| 942 | _n0 | ||
| 948 | _c17/11/1998 | ||
| 999 |
_c56791 _d56791 |
||